|
|
|
|
| LEADER |
01872nam a2200385 a 4500 |
| 001 |
28471 |
| 003 |
BD-DhAAL |
| 005 |
20150111155830.0 |
| 008 |
141018s2003 mau 000 1 eng |
| 010 |
|
|
|a 2003041718
|
| 020 |
|
|
|a 9780007258918
|
| 020 |
|
|
|a 0007258917
|
| 020 |
|
|
|a 0007173032
|
| 040 |
|
|
|a DLC
|c DLC
|d DLC
|d BD-DhAAL
|
| 082 |
0 |
0 |
|a 813/.54
|2 21
|
| 999 |
|
|
|c 32935
|d 32935
|
| 999 |
|
|
|c 32935
|
| 100 |
1 |
|
|a Lahiri, Jhumpa.
|9 5687
|
| 245 |
1 |
4 |
|a The namesake /
|c Jhumpa Lahiri.
|
| 260 |
|
|
|a London ;
|a New Delhi ;
|b HarperCollins Publishers,
|c 2003.[2007]
|
| 300 |
|
|
|a 291 p. ;
|c 22 cm.
|
| 541 |
|
|
|e 28471
|
| 600 |
1 |
0 |
|a Gogolʹ, Nikolaĭ Vasilʹevich,
|d 1809-1852
|x Appreciation
|v Fiction.
|9 5688
|
| 650 |
|
0 |
|a Young men
|v Fiction.
|9 5689
|
| 650 |
|
0 |
|a East Indian Americans
|v Fiction.
|9 5690
|
| 650 |
|
0 |
|a Children of immigrants
|v Fiction.
|9 5691
|
| 650 |
|
0 |
|a Assimilation (Sociology)
|v Fiction.
|9 5692
|
| 650 |
|
0 |
|a Alienation (Social psychology)
|v Fiction.
|9 5693
|
| 651 |
|
0 |
|a Massachusetts
|v Fiction.
|9 5694
|
| 655 |
|
7 |
|a Domestic fiction.
|2 lcsh
|9 5618
|
| 655 |
|
7 |
|a Bildungsromans.
|2 gsafd
|9 5695
|
| 942 |
|
|
|2 ddc
|c BK
|
| 952 |
|
|
|0 0
|1 0
|2 ddc
|4 0
|6 813_540000000000000_LAH
|7 0
|9 43857
|a BRACUL
|b BRACUL
|c GEN
|d 2014-10-18
|e Friends Book Corner
|g 125.00
|l 8
|m 46
|o 813.54 LAH
|p 3010028471
|r 2026-01-19
|s 2025-10-12
|t 1
|w 2014-10-18
|y BK
|x Transferred from BIL to BRACUL on 06/06/22
|
| 952 |
|
|
|0 0
|1 0
|2 ddc
|4 0
|6 813_540000000000000_LAH
|7 0
|9 44629
|a BRACUL
|b BRACUL
|c GEN
|d 2015-01-06
|e BRAC Institute of Language (BIL)
|l 15
|m 57
|o 813.54 LAH
|p 3010028727
|q 2026-05-21
|r 2026-04-20
|s 2026-04-20
|t 2
|w 2015-01-06
|y BK
|x Transferred from BIL to BRACUL on 06/06/22
|
| 952 |
|
|
|0 0
|1 0
|2 ddc
|4 0
|6 813_540000000000000_LAH
|7 0
|9 44723
|a BRACUL
|b BRACUL
|c GEN
|d 2015-01-11
|e BRAC Institute of Language (BIL)
|l 5
|m 9
|o 813.54 LAH
|p 3010028804
|r 2025-06-15
|s 2025-05-22
|t 3
|w 2015-01-11
|y BK
|x Transferred from BIL to BRACUL on 06/06/22
|